000 00659nam a2200241Ia 4500
003 OSt
005 20221005131523.0
006 a|||||r|||| 00| 0
007 ta
008 221004b |||||||| |||| 00| 0 eng d
024 _a58274
037 _cTextual
040 _aCRL
_cCRL
_beng
041 _2eng
_aeng
082 _aV2:25wM66x, K2.1
100 _aPatwardhan R P Ed.
_9259519
245 0 _aSpeeches and writings of Gopal Krishna Gokhale
260 _c1962
650 _aHISTORY
700 _a Ambekar D V Ed.
_9639702
942 _hV2:25wM66x, K2.1
_cTEXL
_2cc
999 _c1060597
_d1060597